000 00534nam a2200217Ia 4500
003 OSt
005 20230330114122.0
008 210423s2005 xx 000 0 und d
040 _cAL
041 _aeng
082 _a338.7 AHUH
_223
100 _aAHUJA (H L)
_979217
245 _aBusiness economics
260 _aNew Delhi
_bS Chand & Company Ltd
_c2005
300 _axv,609
365 _b215
_cINR
650 _aBusiness Economics
_979218
650 _aEconomics
_979219
906 _aBusiness ; economics
942 _2ddc
_cBK
999 _c155148
_d155148